| 000 | 00791cab a2200265 4500 | ||
|---|---|---|---|
| 001 | WB2643-16 | ||
| 008 | 090401t1990 xxu||||| |||| 00| 0 eng d | ||
| 035 | _a(Sirsi) u9224 | ||
| 041 | _aeng | ||
| 245 | _aCapital battle | ||
| 260 | _c1990 | ||
| 350 | _a0 | ||
| 490 |
_aGuardian _v26/10/90 p24 |
||
| 520 | _aAssesses the challenge from other European cities to London`s attempt to be the dominant centre in Europe after 1992 with Berlin becoming a serious challenge with the movement towards eastern Europe. | ||
| 650 | _aFINANCIAL CENTRE | ||
| 650 | _aFINANCIAL INSTITUTIONS | ||
| 650 | _aINVESTMENT | ||
| 650 | _aOFFICE SPACE | ||
| 650 | _aRENTS | ||
| 650 | _aSINGLE MARKET | ||
| 650 | _aTRANSPORT | ||
| 690 | _aEUROPE-SINGLE MARKET | ||
| 942 | _n0 | ||
| 948 | _c04/03/1997 | ||
| 999 |
_c5724 _d5724 |
||